Every Municipality in Utah - Statistics

General Stats
  • This quiz has been taken 2 times
  • The average score is 48 of 282
Answer Stats
County Municipality % Correct
Davis Layton
100%
Weber Ogden
100%
Utah Orem
100%
Utah Provo
100%
Salt Lake Salt Lake City
100%
Salt Lake South Jordan
100%
Weber South Ogden
100%
Utah Spanish Fork
100%
Washington Washington City
100%
Salt Lake West Jordan
100%
Salt Lake West Valley City
100%
Utah Alpine
50%
Salt Lake Alta
50%
Utah American Fork
50%
San Juan Blanding
50%
Davis Bountiful
50%
Salt Lake Brighton
50%
Utah Cedar Fort
50%
Utah Cedar Hills
50%
Sanpete Centerfield
50%
Davis Centerville
50%
Salt Lake Cottonwood Heights
50%
Millard Delta
50%
Salt Lake Draper
50%
Duchesne Duchesne City
50%
Daggett Dutch John
50%
Utah Eagle Mountain
50%
Utah Elk Ridge
50%
Iron Enoch
50%
Sanpete Fairview
50%
Davis Farmington
50%
Weber Farr West
50%
Emery Ferron
50%
Sanpete Fountain Green
50%
Utah Goshen
50%
Tooele Grantsville
50%
Emery Green River
50%
Wasatch Heber
50%
Salt Lake Herriman
50%
Utah Highland
50%
Washington Ivins
50%
Summit Kamas
50%
Davis Kaysville
50%
Salt Lake Kearns
50%
Millard Leamington
50%
Utah Lehi
50%
Utah Lindon
50%
Cache Logan
50%
Millard Lynndyl
50%
Salt Lake Magna
50%
Sanpete Manti
50%
Utah Mapleton
50%
Salt Lake Midvale
50%
Wasatch Midway
50%
Grand Moab
50%
San Juan Monticello
50%
Morgan Morgan City
50%
Sanpete Moroni
50%
Salt Lake Murray
50%
Cache North Logan
50%
Davis North Salt Lake
50%
Summit Park City
50%
Utah Payson
50%
Utah Pleasant Grove
50%
Carbon Price
50%
Weber Riverdale
50%
Salt Lake Riverton
50%
Duchesne Roosevelt
50%
Sevier Salina
50%
Salt Lake Sandy
50%
Washington Santa Clara
50%
Utah Santaquin
50%
Utah Saratoga Springs
50%
Sevier Sigurd
50%
Salt Lake South Salt Lake
50%
Utah Springville
50%
Washington St. George
50%
Salt Lake Taylorsville
50%
Box Elder Tremonton
50%
Uintah Vernal
50%
Carbon Wellington
50%
Tooele Wendover
50%
Davis West Point
50%
Salt Lake White City
50%
Utah Woodland Hills
50%
Duchesne Altamont
0%
Kane Alton
0%
Cache Amagla
0%
Sevier Annabella
0%
Garfield Antimony
0%
Washington Apple Valley
0%
Sevier Aurora
0%
Uintah Ballard
0%
Box Elder Bear River
0%
Beaver Beaver City
0%
Wayne Bicknell
0%
Kane Big Water
0%
San Juan Bluff
0%
Salt Lake Bluffdale
0%
Utah Bluffdale South
0%
Garfield Boulder
0%
Iron Brian Head
0%
Box Elder Brigham City
0%
Garfield Bryce Canyon
0%
Cache Cache Valley Transit
0%
Garfield Cannonville
0%
Emery Castle Dale
0%
Grand Castle Valley
0%
Iron Cedar City
0%
Sevier Central Valley
0%
Wasatch Charleston
0%
Piute Circleville
0%
Cache Clarkston
0%
Emery Clawson
0%
Davis Clearfield
0%
Emery Cleveland
0%
Davis Clinton
0%
Summit Coalville
0%
Salt Lake Copperton
0%
Box Elder Corinne
0%
Cache Cornish
0%
Wasatch Daniel
0%
Box Elder Deweyville
0%
Utah Draper South
0%
Carbon East Carbon
0%
Emery Elmo
0%
Sevier Elsinore
0%
Box Elder Elwood
0%
Emery Emery City
0%
Salt Lake Emigration Canyon
0%
Washington Enterprise
0%
Sanpete Ephraim
0%
Tooele Erda City
0%
Tooele Erda City West
0%
Garfield Escalante
0%
Juab Eurika
0%
Utah Fairfield
0%
Davis Falcon Hill Clearfield
0%
Davis Falcon Hill Davis
0%
Weber Falcon Hill Riverdale
0%
Weber Falcon Hill Roy
0%
Davis Falcon Hill Sunset
0%
Sanpete Fayette
0%
Box Elder Fielding
0%
Millard Fillmore
0%
Summit Francis
0%
Davis Fruit Heights
0%
Rich Garden City
0%
Box Elder Garland
0%
Utah Genola
0%
Kane Glendale
0%
Sevier Glenwood
0%
Sanpete Gunnison
0%
Wayne Hanksville
0%
Weber Harrisville
0%
Garfield Hatch
0%
Carbon Helper
0%
Summit Henefer
0%
Garfield Henrieville
0%
Wasatch Hideout
0%
Washington Hildale
0%
Millard Hinkley
0%
Millard Holden
0%
Salt Lake Holladay
0%
Box Elder Honeyville
0%
Weber Hooper
0%
Box Elder Hower
0%
Emery Huntington
0%
Weber Huntsville
0%
Washington Hurricane
0%
Cache Hyde Park
0%
Cache Hyrum
0%
Wasatch Independance
0%
Salt Lake Inland Port Magma
0%
Salt Lake Inland Port Salt Lake City
0%
Salt Lake Inland Port Salt Lake County
0%
Salt Lake Inland Port West Valley
0%
Wasatch Interlaken
0%
Sevier Joseph
0%
Piute Junction
0%
Kane Kanab
0%
Iron Kanarraville
0%
Millard Kanosh
0%
Piute Kingston
0%
Sevier Koosharem
0%
Tooele Lakeport City
0%
Tooele Lakeport Transit
0%
Rich Laketown
0%
Washington La Verkin
0%
Washington Leeds
0%
Juab Levan
0%
Cache Lewistown
0%
Tooele Lincoln
0%
Wayne Loa
0%
Wayne Lyman
0%
Daggett Manilla
0%
Box Elder Mantua
0%
Weber Marriott-Slaterville
0%
Piute Marysville
0%
Sanpete Mayfield
0%
Millard Meadow
0%
Cache Mendow
0%
Beaver Milford
0%
Wasatch Military Rec - GAEC PID
0%
Wasatch Military Rec - Hideout
0%
Wasatch Military Rec - MWR Hotel
0%
Summit Military Rec - Park City
0%
Wasatch Military Rec - Wasatch
0%
Salt Lake Millcreek
0%
Cache Millville
0%
Beaver Minersville
0%
Juab Mona
0%
Sevier Monroe
0%
Sanpete Mt. Pleasant
0%
Duchesne Myton
0%
Uintah Naples
0%
Juab Nephi
0%
Washington New Harmony Town
0%
Cache Newton
0%
Cache Nibley
0%
Weber North Ogden
0%
Millard Oak City
0%
Summit Oakley
0%
Emery Orangeville
0%
Kane Orderville
0%
Garfield Panguitch
0%
Cache Paradise
0%
Iron Paragonah
0%
Wasatch Park City East
0%
Iron Parowan
0%
Box Elder Perry
0%
Weber Plain City
0%
Weber Pleasant View
0%
Box Elder Plymouth
0%
Box Elder Portage
0%
Cache Providence
0%
Sevier Randolph
0%
Rich Redmond
0%
Sevier Richfield
0%
Cache Richmond
0%
Cache River Heights
0%
Washington Rockville
0%
Juab Rocky Ridge
0%
Weber Roy
0%
Tooele Rush Valley
0%
Utah Salem
0%
Salt Lake Salt Lake City Convention Hotel
0%
Juab Santaquin South
0%
Millard Scipio
0%
Carbon Scofield
0%
Cache Smithfield
0%
Box Elder Snowville
0%
Summit Snyderville Basin Tr
0%
Davis South Weber
0%
Sanpete Spring City
0%
Washington Springdale
0%
Tooele Stansbury Park
0%
Sanpete Sterling
0%
Tooele Stockton
0%
Davis Sunset
0%
Davis Syracuse
0%
Duchesne Tabiona
0%
Tooele Tooele City
0%
Washington Toquerville
0%
Wayne Torrey
0%
Cache Trenton
0%
Garfield Tropic
0%
Weber Uintah
0%
Utah Utah Data Center UT Co
0%
Salt Lake Utah Delta Center SL Co.
0%
Tooele Vernon
0%
Utah Vineyard
0%
Washington Virgin
0%
San Pete Wales
0%
Wasatch Wallsburg
0%
Weber Washington Terrace
0%
Cache Wellsville
0%
Davis West Bountiful
0%
Weber West Haven
0%
Box Elder Willard
0%
Rich Woodruff
0%
Davis Woods Cross
0%
No matching quizzes found
Score Distribution
Percent of People with Each Score
Percentile by Number Answered
Your Score History
You have not taken this quiz